Central Library OPAC University of Rajshahi

Forms of feeling in vitorian fiction / (Record no. 54627)

MARC details
000 -LEADER
fixed length control field 00628nam a2200217 a 4500
001 - CONTROL NUMBER
control field 54627
003 - CONTROL NUMBER IDENTIFIER
rucl marc code BD-RjUL
005 - DATE AND TIME OF LATEST TRANSACTION
control field 20211209080140.0
008 - FIXED-LENGTH DATA ELEMENTS--GENERAL INFORMATION
fixed length control field 161108s1985 enk||||| |||| 00| 0 eng d
020 ## - INTERNATIONAL STANDARD BOOK NUMBER
International Standard Book Number 0416426409
035 ## - SYSTEM CONTROL NUMBER
System control number (BD-RjUL)54749
040 ## - CATALOGING SOURCE
Original cataloging agency BD-RjUL
Language of cataloging eng
Transcribing agency BD-RjUL
041 ## - LANGUAGE CODE
Language code of text/sound track or separate title eng
082 ## - DEWEY DECIMAL CLASSIFICATION NUMBER
Edition number 23
Classification number 823.809
Author mark and year HAF 1985
100 ## - MAIN ENTRY--PERSONAL NAME
Personal name Hardy, Barbara
9 (RLIN) 162928
245 10 - TITLE STATEMENT
Title Forms of feeling in vitorian fiction /
Statement of responsibility, etc. Barbara Hardy
260 ## - PUBLICATION, DISTRIBUTION, ETC. (IMPRINT)
Place of publication, distribution, etc. London :
Name of publisher, distributor, etc. Methuen,
Date of publication, distribution, etc. 1985
300 ## - PHYSICAL DESCRIPTION
Pagination 215 p. :
Size 21 cm.,
650 ## - SUBJECT ADDED ENTRY--TOPICAL TERM
Topical term or geographic name as entry element English Fiction
General subdivision History And Criticism
Chronological subdivision 19th century
9 (RLIN) 162929
942 ## - ADDED ENTRY ELEMENTS (KOHA)
Source of classification or shelving scheme Dewey Decimal Classification
Koha item type Books
Holdings
Lost status Source of classification or shelving scheme Damaged status Not for loan Collection code Permanent Location Current Location Shelving location Date acquired Source of acquisition Total Checkouts Full call number Date last seen Copy number Koha item type
  Dewey Decimal Classification     Fiction Central Library, University of Rajshahi Central Library, University of Rajshahi   06/09/2008 RUCL   823.809 HAF 1985 08/11/2016 C-2 Books